The personal management handbook : How to make the most of your potential

Bibliographic Details
Other Authors: Mulligan, John
Format: Book
Published: London : Warner Books , c1988
Subjects:

MARC

LEADER 00000cam a2200000 7i4500
001 0000009680
005 20050420.0
020 |a 0751507601 
040 |a INS 
090 0 0 |a HF5549   |b M851 1988 
245 0 4 |a The personal management handbook :   |b How to make the most of your potential   |c consultant editor John Mulligan 
260 |a London :   |b Warner Books ,   |c c1988 
300 |a 168p. ;   |c 22cm. 
650 0 0 |a Management 
700 1 |a Mulligan, John 
999 |a 0000008225   |b BOOK   |c Open Shelf   |e Default branch